| 000 | 00497nam a22001697a 4500 | ||
|---|---|---|---|
| 003 | BD-ChCU | ||
| 005 | 20260419114308.0 | ||
| 008 | 260419b bg ||||| |||| 00| 0 ben d | ||
| 040 | _cBD-ChCU | ||
| 082 | _aREF 657.8350973 TIH | ||
| 100 |
_aTierney , Cornelius E. _921597 |
||
| 245 |
_aHandbook of Federal accounting practices ./ _cCornelius E. Tierney , |
||
| 260 |
_aCalifornia : _bAddison - Wesley . _cC 1982 |
||
| 300 | _axiv , 463p. | ||
| 650 | 0 |
_aAccounting . _921599 |
|
| 942 |
_2ddc _cBK _n0 |
||
| 999 |
_c112263 _d112263 |
||